Golden Globe TV Nominees (2014) Quiz Stats

 Plays Quiz Updated Feb 24, 2015

Challenge
Share
Tweet
Embed
Score 0/55 Timer 05:00
0 Plays Today
Category Nominee % Correct
Actor - DramaBryan Cranston (Breaking Bad)
74.4%
Supporting ActorAaron Paul (Breaking Bad)
74.2%
TV Series - DramaBreaking Bad
74%
Supporting ActressSofia Vergara (Modern Family)
68.3%
TV Series - Comedy/MusicalModern Family
67.9%
Actor - Comedy/MusicalJim Parsons (The Big Bang Theory)
64.6%
TV Series - Comedy/MusicalThe Big Bang Theory
63.5%
Actress - Comedy/MusicalAmy Poehler (Parks and Recreation)
53.6%
TV Series - Comedy/MusicalParks and Recreation
52.1%
Actor - DramaKevin Spacey (House of Cards)
45%
Actress - DramaRobin Wright (House of Cards)
44.6%
Supporting ActorCorey Stoll (House of Cards)
44.5%
TV Series - DramaHouse of Cards
44.5%
Actress - DramaJulianna Margulies (The Good Wife)
40.7%
Supporting ActorJosh Charles (The Good Wife)
40.4%
TV Series - DramaThe Good Wife
40.3%
Actress - Comedy/MusicalJulia Louis-Dreyfus (Veep)
38.1%
TV Series - DramaDownton Abbey
36.3%
Actress - Comedy/MusicalLena Dunham (Girls)
35%
TV Series - Comedy/MusicalGirls
34.8%
Actress - DramaTaylor Schilling (Orange is the New Black)
32.6%
Actress - Mini-Series/TV MovieJessica Lange (AHS: Coven)
29.5%
Mini-Series or TV MovieAmerican Horror Story: Coven
28.6%
Actor - Mini-Series/TV MovieMatt Damon (Behind the Candelabra)
27.4%
Actress - DramaKerry Washington (Scandal)
27.3%
Actor - Mini-Series/TV MovieMichael Douglas (Behind the Candelabra)
27.2%
Supporting ActorRob Lowe (Behind the Candelabra)
26.7%
Mini-Series or TV MovieBehind the Candelabra
26%
Category Nominee % Correct
Actress - Comedy/MusicalZooey Deschanel (New Girl)
25.3%
TV Series - Comedy/MusicalBrooklyn Nine-Nine
25%
Actor - Comedy/MusicalAndy Samberg (Brooklyn Nine-Nine)
21%
Actor - Comedy/MusicalJason Bateman (Arrested Development)
19.7%
Actor - DramaMichael Sheen (Masters of Sex)
17.9%
TV Series - DramaMasters of Sex
17.6%
Actress - Comedy/MusicalEdie Falco (Nurse Jackie)
17.3%
Actor - DramaJames Spader (The Blacklist)
15.9%
Actor - Comedy/MusicalDon Cheadle (House of Lies)
15.8%
Actress - Mini-Series/TV MovieElisabeth Moss (Top of the Lake)
15.4%
Mini-Series or TV MovieTop of the Lake
14.3%
Actress - DramaTatiana Maslany (Orphan Black)
14%
Supporting ActressMonica Potter (Parenthood)
12.3%
Actress - Mini-Series/TV MovieHelen Mirren (Phil Spector)
11.6%
Actor - Mini-Series/TV MovieAl Pacino (Phil Spector)
11.5%
Actor - Comedy/MusicalMichael J. Fox (The Michael J. Fox Show)
11.3%
Actor - Mini-Series/TV MovieIdris Elba (Luther)
11.3%
Actor - DramaLiev Schreiber (Ray Donovan)
11.2%
Supporting ActorJon Voight (Ray Donovan)
11.2%
Supporting ActressHayden Panettiere (Nashville)
10.5%
Supporting ActressJacqueline Bisset (Dancing on the Edge)
10.3%
Actor - Mini-Series/TV MovieChiwetel Ejiofor (Dancing on the Edge)
10%
Actress - Mini-Series/TV MovieRebecca Ferguson (White Queen)
9.8%
Mini-Series or TV MovieDancing on the Edge
9.6%
Supporting ActressJanet McTeer (White Queen)
9.3%
Mini-Series or TV MovieWhite Queen
9.1%
Actress - Mini-Series/TV MovieHelena Bonham Carter (Burton and Taylor)
6.2%

You're not logged in!

Compare scores with friends on all Sporcle quizzes.
OR
Log In

You Might Also Like...

Show Comments

Extras

Top Quizzes Today


Score Distribution

Your Account Isn't Verified!

In order to create a playlist on Sporcle, you need to verify the email address you used during registration. Go to your Sporcle Settings to finish the process.

Report this User

Report this user for behavior that violates our Community Guidelines.

Details: